000 00575nam a2200169Ia 4500
008 090711s9999 xx 000 0 und d
082 _b39179
100 _aवाळिंबे वि. स.
245 _aरायबरेली आणि त्यानंतर
260 _c1978
300 _a180
600 _aवाळिंबे वि. स.
630 _aरायबरेली आणि त्यानंतर
700 _aवाळिंबे वि. स.
730 _aरायबरेली आणि त्यानंतर
942 _cBOOK
999 _c293790
_d293790